000 00963nas a2200289 4500
001 BR0801922
003 BR-BrBNA
005 20231205111824.0
007 ta
008 230509b bl.|||p| |||| 00| 00por d
040 _aBR-BrBNA
_bpor
_cBiblioteca Nacional de Agricultura
041 _a(Pt)
072 _aL53; L50
100 1 _aGomes, I.D.
100 1 _aAraújo, F.G.
100 1 _aAzevêdo, M.C.C. de
100 1 _aPessanha, A.L.
245 1 _aBiologia reprodutiva dos bagres marinhos Genidens genidens (Valenciennes)e Cathorops spixi (agassiz)(Siluriformes, Ariidae), na Baia de Sepetiba, Rio de Janeiro, Brasil
650 _aBAGRE
650 _aBIOLOGIA ANIMAL
650 _aREPRODUÇÃO ANIMAL
650 _aBAIA DE SEPETIBA
650 _aRIO DE JANEIRO
773 0 _tRevista Brasileira de Zoologia (Brazil)
_xISSN 0101-8175
_g(Dec 1999), v. 16(2) p. 171-180
_wBR0801922
909 _a202311
_bLúcia
_c55
_dLúcia Elande
942 _2AGRIS
_n0
_cANA
999 _c194650
_d194650